| 000 | 00679nam a22002417a 4500 | ||
|---|---|---|---|
| 003 | OSt | ||
| 005 | 20220621160609.0 | ||
| 008 | 180207b xxu||||| |||| 00| 0 eng d | ||
| 020 | _a9780521475747 | ||
| 040 | _cIIITMK | ||
| 050 | _a577.0285 JON/D | ||
| 100 |
_aJongman, R H G _913622 |
||
| 245 | _aData analysis in community and landscape ecology | ||
| 260 |
_aNew york, _bCambrige university press, _c1995. |
||
| 300 | _axxi,299p | ||
| 650 |
_aCOMPUTER SCIENCE _913623 |
||
| 650 |
_aDATA ANALYSIS _913624 |
||
| 650 |
_aECOLOGY _913625 |
||
| 650 |
_aCLUSTER ANALYSIS _913626 |
||
| 700 |
_aBraak, Ter C J F _913627 |
||
| 700 |
_aTongeren, Van O F R _913628 |
||
| 942 |
_2ddc _cBK |
||
| 999 |
_c5968 _d5968 |
||